Statistics for Bordering Countries by Flag #3

Click here to take the quiz!

General Stats

  • This quiz has been taken 122 times
  • The average score is 6 of 6

Answer Stats

Country% Correct
Iran
100%
Syria
97%
Turkey
92%
Kuwait
91%
Saudi Arabia
91%
Jordan
89%

Score Distribution

Percentile by Number Answered

Percent of People with Each Score

Your Score History

You have not taken this quiz